London Calling (Record no. 333536)
[ view plain ]
| 000 -LEADER | |
|---|---|
| fixed length control field | 00476nam a2200097Ia 4500 |
| 008 - FIXED-LENGTH DATA ELEMENTS--GENERAL INFORMATION | |
| fixed length control field | 170517s9999 xx 000 0 und d |
| 245 ## - TITLE STATEMENT | |
| Title | London Calling |
| 300 ## - PHYSICAL DESCRIPTION | |
| Extent | The divide between hard news and propaganda has become murkier than ever in recent years. Audiences from both sides of the aisle have observed an insidious media bias at play whether they consume their news online, in the morning... |
| 650 ## - SUBJECT ADDED ENTRY--TOPICAL TERM | |
| General subdivision | Media. |
| 856 ## - ELECTRONIC LOCATION AND ACCESS | |
| Uniform Resource Identifier | <a href="http://topdocumentaryfilms.com/london-calling/">http://topdocumentaryfilms.com/london-calling/</a> |
| Withdrawn status | Lost status | Damaged status | Home library | Current library | Date acquired | Total Checkouts | Date last seen | Price effective from | Koha item type |
|---|---|---|---|---|---|---|---|---|---|
| College Library | College Library | 05/17/2017 | 05/17/2017 | 05/17/2017 | Documentary Films |